Score 0/177 Timer 12:00
0 Plays Today
Hint Answer % Correct
HYMEN'S POETRY 5:4:112-119Enter Hymen, Rosalind, and Celia. Still music.
100%
HYMEN'S POETRY 5:4:112-119HYMEN:
100%
HYMEN'S POETRY 5:4:112-119...
100%
HYMEN'S POETRY 5:4:130-135HYMEN:
100%
HYMEN'S POETRY 5:4:136-145TO ROSALIND and ORLANDO.
100%
HYMEN'S POETRY 5:4:136-145TO CELIA and OLIVER.
100%
HYMEN'S POETRY 5:4:136-145TO PHOEBE.
100%
HYMEN'S POETRY 5:4:136-145TO AUDREY and TOUCHSTONE.
100%
HYMEN'S POETRY 5:4:136-145TO ALL.
100%
SONG 5:4:146-151SONG.
100%
HYMEN'S POETRY 5:4:136-145the
89.7%
HYMEN'S POETRY 5:4:130-135I
82.8%
HYMEN'S POETRY 5:4:130-135I
82.8%
HYMEN'S POETRY 5:4:130-135To
82.8%
HYMEN'S POETRY 5:4:136-145You
82.8%
HYMEN'S POETRY 5:4:136-145and
82.8%
HYMEN'S POETRY 5:4:136-145you
82.8%
HYMEN'S POETRY 5:4:136-145You
82.8%
HYMEN'S POETRY 5:4:136-145and
82.8%
HYMEN'S POETRY 5:4:136-145you
82.8%
HYMEN'S POETRY 5:4:136-145You
82.8%
HYMEN'S POETRY 5:4:136-145to
82.8%
HYMEN'S POETRY 5:4:136-145a
82.8%
HYMEN'S POETRY 5:4:136-145to
82.8%
HYMEN'S POETRY 5:4:136-145You
82.8%
HYMEN'S POETRY 5:4:136-145and
82.8%
HYMEN'S POETRY 5:4:136-145you
82.8%
HYMEN'S POETRY 5:4:136-145to
82.8%
HYMEN'S POETRY 5:4:136-145a
82.8%
HYMEN'S POETRY 5:4:136-145and
82.8%
SONG 5:4:146-151and
82.8%
SONG 5:4:146-151and
82.8%
SONG 5:4:146-151To
82.8%
HYMEN'S POETRY 5:4:136-145are
79.3%
HYMEN'S POETRY 5:4:136-145Or
79.3%
HYMEN'S POETRY 5:4:136-145are
79.3%
SONG 5:4:146-151O
79.3%
HYMEN'S POETRY 5:4:112-119in
75.9%
HYMEN'S POETRY 5:4:130-135Of
75.9%
HYMEN'S POETRY 5:4:130-135in
75.9%
HYMEN'S POETRY 5:4:136-145in
75.9%
HYMEN'S POETRY 5:4:136-145love
75.9%
HYMEN'S POETRY 5:4:136-145your
75.9%
HYMEN'S POETRY 5:4:136-145As
75.9%
HYMEN'S POETRY 5:4:136-145we
75.9%
HYMEN'S POETRY 5:4:136-145we
75.9%
SONG 5:4:146-151of
75.9%
SONG 5:4:146-151be
75.9%
SONG 5:4:146-151of
75.9%
HYMEN'S POETRY 5:4:112-119is
72.4%
HYMEN'S POETRY 5:4:112-119there
72.4%
HYMEN'S POETRY 5:4:112-119her,
72.4%
HYMEN'S POETRY 5:4:112-119her
72.4%
HYMEN'S POETRY 5:4:112-119That
72.4%
HYMEN'S POETRY 5:4:112-119her
72.4%
HYMEN'S POETRY 5:4:112-119heart
72.4%
HYMEN'S POETRY 5:4:112-119is.
72.4%
HYMEN'S POETRY 5:4:130-135that
72.4%
HYMEN'S POETRY 5:4:136-145heart
72.4%
Hint Answer % Correct
HYMEN'S POETRY 5:4:136-145heart.
72.4%
HYMEN'S POETRY 5:4:136-145That
72.4%
SONG 5:4:146-151is
72.4%
HYMEN'S POETRY 5:4:112-119his,
69%
HYMEN'S POETRY 5:4:112-119his
69%
HYMEN'S POETRY 5:4:130-135these
69%
HYMEN'S POETRY 5:4:130-135take
69%
HYMEN'S POETRY 5:4:130-135If
69%
HYMEN'S POETRY 5:4:136-145no
69%
HYMEN'S POETRY 5:4:136-145shall
69%
HYMEN'S POETRY 5:4:136-145his
69%
HYMEN'S POETRY 5:4:136-145sing,
69%
HYMEN'S POETRY 5:4:136-145these
69%
HYMEN'S POETRY 5:4:112-119Then
65.5%
HYMEN'S POETRY 5:4:112-119When
65.5%
HYMEN'S POETRY 5:4:112-119from
65.5%
HYMEN'S POETRY 5:4:130-135ho!
65.5%
HYMEN'S POETRY 5:4:136-145woman
65.5%
HYMEN'S POETRY 5:4:136-145hymn
65.5%
SONG 5:4:146-151every
65.5%
SONG 5:4:146-151then
65.5%
SONG 5:4:146-151every
65.5%
HYMEN'S POETRY 5:4:112-119heaven
62.1%
HYMEN'S POETRY 5:4:112-119heaven
62.1%
HYMEN'S POETRY 5:4:112-119thou
62.1%
HYMEN'S POETRY 5:4:136-145part.
62.1%
HYMEN'S POETRY 5:4:136-145How
58.6%
HYMEN'S POETRY 5:4:112-119mirth
55.2%
HYMEN'S POETRY 5:4:112-119even
55.2%
HYMEN'S POETRY 5:4:112-119together.
55.2%
HYMEN'S POETRY 5:4:136-145together
55.2%
HYMEN'S POETRY 5:4:112-119things
51.7%
HYMEN'S POETRY 5:4:112-119daughter.
51.7%
HYMEN'S POETRY 5:4:112-119Hymen
51.7%
HYMEN'S POETRY 5:4:130-135'Tis
51.7%
HYMEN'S POETRY 5:4:136-145have
51.7%
HYMEN'S POETRY 5:4:136-145winter
51.7%
HYMEN'S POETRY 5:4:136-145weather.
51.7%
HYMEN'S POETRY 5:4:136-145things
51.7%
SONG 5:4:146-151'Tis
51.7%
SONG 5:4:146-151Hymen
51.7%
SONG 5:4:146-151Hymen,
51.7%
HYMEN'S POETRY 5:4:112-119duke,
48.3%
HYMEN'S POETRY 5:4:136-145wedlock
48.3%
HYMEN'S POETRY 5:4:136-145diminish
48.3%
HYMEN'S POETRY 5:4:136-145finish.
48.3%
SONG 5:4:146-151wedlock
48.3%
HYMEN'S POETRY 5:4:112-119thy
44.8%
HYMEN'S POETRY 5:4:130-135make
44.8%
HYMEN'S POETRY 5:4:136-145foul
44.8%
SONG 5:4:146-151bond
44.8%
HYMEN'S POETRY 5:4:112-119earthly
41.4%
HYMEN'S POETRY 5:4:112-119Good
41.4%
HYMEN'S POETRY 5:4:136-145lord.
41.4%
HYMEN'S POETRY 5:4:136-145sure
41.4%
HYMEN'S POETRY 5:4:136-145Whiles
41.4%
SONG 5:4:146-151Wedding
41.4%
SONG 5:4:146-151god
41.4%
HYMEN'S POETRY 5:4:112-119made
37.9%
Hint Answer % Correct
HYMEN'S POETRY 5:4:112-119brought
37.9%
HYMEN'S POETRY 5:4:112-119brought
37.9%
HYMEN'S POETRY 5:4:112-119mightest
37.9%
HYMEN'S POETRY 5:4:112-119with
37.9%
HYMEN'S POETRY 5:4:130-135must
37.9%
HYMEN'S POETRY 5:4:130-135most
37.9%
HYMEN'S POETRY 5:4:130-135must
37.9%
HYMEN'S POETRY 5:4:136-145must
37.9%
HYMEN'S POETRY 5:4:136-145accord
37.9%
HYMEN'S POETRY 5:4:136-145with
37.9%
SONG 5:4:146-151honorèd.
37.9%
SONG 5:4:146-151Honor,
37.9%
SONG 5:4:146-151honor,
37.9%
HYMEN'S POETRY 5:4:112-119join
34.5%
HYMEN'S POETRY 5:4:112-119within
34.5%
HYMEN'S POETRY 5:4:130-135Peace,
34.5%
HYMEN'S POETRY 5:4:130-135conclusion
34.5%
HYMEN'S POETRY 5:4:130-135join
34.5%
HYMEN'S POETRY 5:4:136-145cross
34.5%
SONG 5:4:146-151town.
34.5%
SONG 5:4:146-151town.
34.5%
HYMEN'S POETRY 5:4:112-119receive
31%
HYMEN'S POETRY 5:4:112-119Yea,
31%
HYMEN'S POETRY 5:4:112-119hither,
31%
HYMEN'S POETRY 5:4:112-119hand
31%
HYMEN'S POETRY 5:4:130-135confusion.
31%
HYMEN'S POETRY 5:4:130-135events.
31%
HYMEN'S POETRY 5:4:130-135strange
31%
HYMEN'S POETRY 5:4:130-135Here's
31%
HYMEN'S POETRY 5:4:130-135eight
31%
HYMEN'S POETRY 5:4:130-135hands
31%
HYMEN'S POETRY 5:4:130-135Hymen's
31%
SONG 5:4:146-151great
31%
SONG 5:4:146-151renown
31%
HYMEN'S POETRY 5:4:112-119Whose
27.6%
HYMEN'S POETRY 5:4:112-119bosom
27.6%
HYMEN'S POETRY 5:4:130-135bar
27.6%
HYMEN'S POETRY 5:4:130-135bands,
27.6%
HYMEN'S POETRY 5:4:136-145may
27.6%
HYMEN'S POETRY 5:4:136-145thus
27.6%
SONG 5:4:146-151Juno's
27.6%
SONG 5:4:146-151crown,
27.6%
SONG 5:4:146-151blessèd
27.6%
SONG 5:4:146-151peoples
27.6%
SONG 5:4:146-151High
27.6%
SONG 5:4:146-151high
27.6%
HYMEN'S POETRY 5:4:112-119Atone
20.7%
HYMEN'S POETRY 5:4:130-135truth
20.7%
HYMEN'S POETRY 5:4:130-135holds
20.7%
HYMEN'S POETRY 5:4:130-135true
20.7%
HYMEN'S POETRY 5:4:136-145questioning,
20.7%
HYMEN'S POETRY 5:4:136-145met,
20.7%
SONG 5:4:146-151board
20.7%
SONG 5:4:146-151bed.
20.7%
HYMEN'S POETRY 5:4:130-135contents.
17.2%
HYMEN'S POETRY 5:4:136-145reason
13.8%
HYMEN'S POETRY 5:4:136-145Feed
10.3%
HYMEN'S POETRY 5:4:136-145yourselves
10.3%
HYMEN'S POETRY 5:4:136-145wonder
10.3%
Remove Ads.
Support Sporcle.
Get the best of Sporcle when you Go Orange. This ad-free experience offers more features, more stats, and more fun while also helping to support Sporcle. Thank you for becoming a member.

You're not logged in!

Compare scores with friends on all Sporcle quizzes.
OR
Log In

Show Comments

Extras

Top Quizzes Today


Score Distribution

Your Account Isn't Verified!

In order to create a playlist on Sporcle, you need to verify the email address you used during registration. Go to your Sporcle Settings to finish the process.

Report this User

Report this user for behavior that violates our Community Guidelines.

Details: